| 000 | 00490nam a22001577a 4500 | ||
|---|---|---|---|
| 999 |
_c62226 _d62226 |
||
| 005 | 20240823142012.0 | ||
| 008 | 240823c2004 enk||||| |||| 00| 0 eng d | ||
| 022 | _a 0966 8373 | ||
| 245 |
_aEuropean Journal of Philosophy : _b 2004 / _c Editor Robert Stern. |
||
| 260 |
_a Norwich : _b Blackwell, _c2004. |
||
| 300 | _aV. | ||
| 653 | _aფილოსოფია | ||
| 653 | _aპერიოდიკა | ||
| 700 |
_a Stern, Robert _eრედაქტორი _923113 |
||
| 942 |
_2udc _cCR |
||